01395 2200601 4500001002100000005001500021035002000036007000300056008004100059020002200100082000800122084001400130100002800144245005800172250001000230300003600240650001900276700003300295264003100328336002100359337003000380338002300410990001200433990001200445990001200457990001200469990001200481990001200493990001200505990001200517990001200529990001200541990001200553990001200565990001200577990001200589990001200601990001200613990001200625990001200637990001200649990001200661990001200673990001200685990001200697990001200709990001200721990001200733990001200745990001200757990001200769990001200781INLIS00000000000055920250924084757 a0010-0925000082ta250924 0 ind  a978-623-522-814-3 a420 a420 EDU x0 aEdusolve TimePengarang1 aX-Press TKA Bahasa Inggris :bSMK/MAK /cTim Edusolve acet 1 avi, 93 halaman :bilus ;c26 cm 4aBahasa Inggris0 aNickyta PramudiaePenyunting aJakarta :bErlangga,c2025 2rdacontentateks 2rdamediaatanpa perantara 2rdacarrieravolume a25.0501 a25.0502 a25.0503 a25.0504 a25.0505 a25.0506 a25.0507 a25.0508 a25.0509 a25.0510 a25.0511 a25.0512 a25.0513 a25.0514 a25.0515 a25.1095 a25.1096 a25.1097 a25.1098 a25.1099 a25.1100 a25.1101 a25.1102 a25.1103 a25.1104 a25.1105 a25.1106 a25.1107 a25.1108 a25.1109